00996nam a2200265Ia 450000500170000000800390001702000180005610000320007424501130010625000220021926400300024130000400027133600270031133700330033833800280037165000500039965000480044965000340049765000380053165000410056970000330061070000410064304000350068408400110071920220317000307.0141031s2008 sp a0 sga d s spa a97884963887891 aWiesmüller, Dieterd1950-10aMiradasctexto e ilustraciones Dieter Wiesmüller ; traducción Ignasi Centelles y María José Martín aPrimera edición aSevillabKalandrakac2008 a25 páginasbilustraciones a color atextobtxt2rdacontent asin mediaciónbn2rdamedia avolumenbnc2rdacarrier142LEMBaÁlbumes infantiles alemanesySiglo XX142LEMBaLiteratura infantil alemanaySiglo XX142LEMBaOjosvÁlbum infantil 142LEMBaAnimalesgÁlbum infantil 142LEMBaLibros ilustrados para niños1 aCentelles, Ignasietraductor1 aMartín, José Maríaetraductora aCO-BoRNBPbspaerdacCO-BoRNBP aA WIE3